El derecho y la fuerza (Record no. 657373)
[ view plain ]
| 000 -CABECERA | |
|---|---|
| Campo de control de longitud fija | 00410nab a2200145Ia 4500 |
| 003 - IDENTIFICADOR DEL NÚMERO DE CONTROL | |
| Campo de control | ES-SlBCS |
| 005 - FECHA Y HORA DE LA ÚLTIMA TRANSACCIÓN | |
| Campo de control | 20210601141229.0 |
| 008 - CÓDIGOS DE INFORMACIÓN DE LONGITUD FIJA | |
| Campo de control de longitud fija | 140529s1994 xxu||||| |||| 00| 0 spa d |
| 041 ## - CÓDIGO DE LENGUA | |
| Código de lengua del texto/banda sonora o título independiente | spa |
| 100 1# - PUNTO DE ACCESO PRINCIPAL-NOMBRE DE PERSONA | |
| Nombre de persona | Squella, Agustín |
| 9 (RLIN) | 216742 |
| 245 00 - MENCIÓN DE TÍTULO | |
| Título | El derecho y la fuerza |
| Mención de responsabilidad, etc. | Agustín Squella |
| 650 04 - PUNTO DE ACCESO ADICIONAL DE MATERIA-TÉRMINO DE MATERIA | |
| Término de materia o nombre geográfico como elemento inicial | Derecho-Fuerza |
| 9 (RLIN) | 253311 |
| 773 0# - ENLACE AL DOCUMENTO FUENTE | |
| Título | Doxa |
| Parte(s) relacionada(s) | vol. II, nº. 15-16, 1994, págs. 805-814 |
| Número de control del registro relacionado | Rev169 |
| 942 ## - ENTRADA DE ELEMENTOS AGREGADOS (KOHA) | |
| Koha [por defecto] tipo de item | Artículos de revista |
| Suprimido | Perdido | Estropeado | No para préstamo | Localización permanente | Localización actual | Localización en estantería | Fecha adquisición | Préstamos totales | Fecha última consulta | Fecha del precio de reemplazo | Tipo de item de Koha |
|---|---|---|---|---|---|---|---|---|---|---|---|
| San Esteban | San Esteban | Depósito de revistas | 11/07/2014 | 11/07/2014 | 11/07/2014 | Artículos de revista |
